[Event "Dutch Open 2010"]
[Site "Dieren NED"]
[Date "2010.07.30"]
[Round "4.24"]
[White "Blom, Vincent"]
[Black "Swinkels, Robin"]
[Result "0-1"]
[WhiteElo "2089"]
[BlackElo "2483"]
[PlyCount "72"]
[EventDate "2010.07.27"]
[EventType "swiss"]
[EventRounds "9"]
[EventCountry "NED"]
[Source "lmi"]
[SourceDate "2010.07.27"]

1. Nf3 Nf6 2. g3 b6 3. Bg2 Bb7 4. O-O e6 5. b3 Be7 6. Bb2 O-O 7. c4 c5 8. Qc2
Nc6 9. Nc3 d5 10. cxd5 exd5 11. d4 cxd4 12. Nb5 Ne4 13. Nbxd4 Nb4 14. Qb1 Bf6
15. a3 Na6 16. Qa2 Nac5 17. Rac1 Qd7 18. Rfd1 a5 19. a4 Ba6 20. Rc2 Rfe8 21.
Bc1 h6 22. Be3 Rad8 23. Ne1 h5 24. Bf3 h4 25. Ng2 hxg3 26. hxg3 g6 27. Nf4 Kg7
28. Bc1 Rh8 29. Bb2 Rh6 30. Qa1 Rdh8 31. Rxc5 bxc5 32. Bxe4 dxe4 33. Nde6+ Kg8
34. g4 Rh1+ 35. Kg2 R8h2+ 36. Kg3 Bh4# 0-1

[Event "Dutch Open 2010"]
[Site "Dieren NED"]
[Date "2010.07.30"]
[Round "4.25"]
[White "Van Mierlo, Guido"]
[Black "Afek, Yochanan"]
[Result "1-0"]
[WhiteElo "2053"]
[BlackElo "2310"]
[PlyCount "141"]
[EventDate "2010.07.27"]
[EventType "swiss"]
[EventRounds "9"]
[EventCountry "NED"]
[Source "lmi"]
[SourceDate "2010.07.27"]

1. e4 c5 2. Nf3 Nc6 3. d4 cxd4 4. Nxd4 g6 5. Nc3 Bg7 6. Be3 Nf6 7. Nxc6 bxc6 8.
e5 Ng8 9. f4 Nh6 10. h3 Nf5 11. Bf2 h5 12. Qd2 d6 13. O-O-O Be6 14. g4 hxg4 15.
Bg2 gxh3 16. Bxc6+ Kf8 17. Bxa8 Qxa8 18. exd6 exd6 19. Nd5 Bxd5 20. Qxd5 Qxd5
21. Rxd5 Bh6 22. Kd1 Bxf4 23. Ke2 h2 24. Kf3 Be5 25. Rb5 Kg7 26. a4 g5 27. a5
Nh4+ 28. Ke2 Ng6 29. Kf1 g4 30. Bxa7 g3 31. Rxe5 dxe5 32. Kg2 Nf4+ 33. Kxg3
Rh3+ 34. Kf2 Nh5 35. Bb8 Nf6 36. a6 Ng4+ 37. Kg2 Rh6 38. a7 Ra6 39. b4 Ra2 40.
b5 Ne3+ 41. Kf3 Nc4 42. Rxh2 f5 43. Rh4 Ra3+ 44. Ke2 e4 45. Rh3 e3 46. Be5+
Nxe5 47. Rxe3 Rxa7 48. Rxe5 Rc7 49. Rxf5 Kg6 50. Rd5 Rxc2+ 51. Kd3 Rc1 52. Kd4
Kf7 53. Rc5 Rd1+ 54. Kc4 Ke7 55. Rc6 Rf1 56. Kd5 Rb1 57. Kc5 Kd7 58. Kb6 Kd8
59. Ka6 Kd7 60. Rc4 Rb2 61. b6 Ra2+ 62. Kb7 Ra1 63. Rd4+ Ke7 64. Kb8 Ra2 65. b7
Ra1 66. Rd5 Ke6 67. Rd4 Ke7 68. Kc7 Rc1+ 69. Kb6 Rb1+ 70. Kc6 Rb2 71. Rd5 1-0

[Event "Dutch Open 2010"]
[Site "Dieren NED"]
[Date "2010.07.31"]
[Round "5.1"]
[White "Mekhitarian, Krikor Sevag"]
[Black "Fargere, Francois"]
[Result "0-1"]
[WhiteElo "2511"]
[BlackElo "2478"]
[PlyCount "82"]
[EventDate "2010.07.27"]
[EventType "swiss"]
[EventRounds "9"]
[EventCountry "NED"]
[Source "lmi"]
[SourceDate "2010.07.27"]

1. e4 c5 2. Nf3 d6 3. d4 cxd4 4. Nxd4 Nf6 5. Nc3 a6 6. Bg5 e6 7. f4 Qb6 8. Qd2
Qxb2 9. Rb1 Qa3 10. e5 dxe5 11. fxe5 Nfd7 12. Ne4 h6 13. Bh4 Qxa2 14. Rd1 Qd5
15. Qe3 Qxe5 16. Be2 Bc5 17. Bg3 Qd5 18. c4 Bxd4 19. Rxd4 Qa5+ 20. Rd2 O-O 21.
Bd6 Re8 22. Qg3 Qf5 23. Bd3 Qg6 24. Qxg6 fxg6 25. Bg3 Rd8 26. Nd6 g5 27. Rf1
Nc6 28. Be4 Nc5 29. Bxc6 bxc6 30. Be5 Rd7 31. Rf3 a5 32. Bd4 Nb7 33. Ne4 a4 34.
Bb2 Rxd2 35. Kxd2 Na5 36. Nd6 Ba6 37. Kc3 Rb8 38. Ba3 c5 39. Bxc5 Rb3+ 40. Kd2
Rxf3 41. gxf3 Nb3+ 0-1

[Event "Dutch Open 2010"]
[Site "Dieren NED"]
[Date "2010.07.31"]
[Round "5.2"]
[White "Kollen, Zyon"]
[Black "Ernst, Sipke"]
[Result "0-1"]
[WhiteElo "2002"]
[BlackElo "2583"]
[PlyCount "62"]
[EventDate "2010.07.27"]
[EventType "swiss"]
[EventRounds "9"]
[EventCountry "NED"]
[Source "lmi"]
[SourceDate "2010.07.27"]

1. e4 e5 2. Nf3 Nc6 3. Bb5 g6 4. Nc3 Bg7 5. Bxc6 bxc6 6. d3 d6 7. Be3 c5 8. Qd2
h6 9. g3 Bh3 10. Rg1 g5 11. Qe2 Be6 12. g4 Qd7 13. Nd2 Ne7 14. f3 Ng6 15. Nf1
Nf4 16. Bxf4 exf4 17. h4 Rb8 18. Nd1 c4 19. c3 cxd3 20. Qxd3 Be5 21. Rh1 Ke7
22. hxg5 hxg5 23. Rxh8 Rxh8 24. Nf2 Qc6 25. a3 Rb8 26. Nd1 Bc4 27. Qd2 Rh8 28.
Qg2 Bd3 29. Nd2 Qb6 30. b4 c5 31. Rc1 c4 0-1

[Event "Dutch Open 2010"]
[Site "Dieren NED"]
[Date "2010.07.31"]
[Round "5.3"]
[White "Pruijssers, Roeland"]
[Black "Ikonnikov, Vyacheslav"]
[Result "1/2-1/2"]
[WhiteElo "2462"]
[BlackElo "2578"]
[PlyCount "76"]
[EventDate "2010.07.27"]
[EventType "swiss"]
[EventRounds "9"]
[EventCountry "NED"]
[Source "lmi"]
[SourceDate "2010.07.27"]

1. e4 c5 2. Nf3 Nc6 3. d4 cxd4 4. Nxd4 e5 5. Nb5 d6 6. N1c3 a6 7. Na3 Be7 8.
Nd5 Nf6 9. Nxf6+ Bxf6 10. Nc4 Be7 11. Be3 Be6 12. Qd2 O-O 13. c3 Rb8 14. Bb6
Bg5 15. Qxd6 Qf6 16. Ne3 Bxe3 17. Bxe3 Rfd8 18. Qa3 Qh4 19. Be2 Qxe4 20. O-O
Bg4 21. Bxg4 Qxg4 22. Bb6 Rd5 23. f3 Qd7 24. c4 Rd3 25. Qa4 Re8 26. Rad1 e4 27.
fxe4 Rxe4 28. Qc2 Rxd1 29. Qxe4 h6 30. Rxd1 Qxd1+ 31. Kf2 Qd2+ 32. Qe2 Qf4+ 33.
Kg1 f5 34. b3 Kf7 35. h3 Qc1+ 36. Kh2 Qf4+ 37. Kg1 Qc1+ 38. Kh2 Qf4+ 1/2-1/2

[Event "Dutch Open 2010"]
[Site "Dieren NED"]
[Date "2010.07.31"]
[Round "5.4"]
[White "L'Ami, Erwin"]
[Black "Miedema, David"]
[Result "1-0"]
[WhiteElo "2620"]
[BlackElo "2414"]
[PlyCount "67"]
[EventDate "2010.07.27"]
[EventType "swiss"]
[EventRounds "9"]
[EventCountry "NED"]
[Source "lmi"]
[SourceDate "2010.07.27"]

1. d4 Nf6 2. c4 g6 3. Nc3 Bg7 4. e4 d6 5. Nf3 O-O 6. Be2 e5 7. O-O Nc6 8. d5
Ne7 9. Ne1 Nd7 10. Nd3 f5 11. Bd2 Kh8 12. Rc1 Ng8 13. exf5 gxf5 14. f4 Qe7 15.
Nb5 Ndf6 16. fxe5 Ne4 17. e6 c6 18. Nc3 b5 19. b3 bxc4 20. bxc4 Rb8 21. Nxe4
fxe4 22. Nf4 cxd5 23. cxd5 Qg5 24. Rc3 Bd4+ 25. Kh1 Bb7 26. Rh3 Ne7 27. Qa4 Qg7
28. Rg3 Qe5 29. Qd7 Rbe8 30. Rh3 Kg8 31. Qxb7 e3 32. Be1 Rxf4 33. Rxf4 Qxf4 34.
Rf3 1-0

[Event "Dutch Open 2010"]
[Site "Dieren NED"]
[Date "2010.07.31"]
[Round "5.5"]
[White "Moradiabadi, Elshan"]
[Black "Goudriaan, Etienne"]
[Result "1-0"]
[WhiteElo "2571"]
[BlackElo "2223"]
[PlyCount "153"]
[EventDate "2010.07.27"]
[EventType "swiss"]
[EventRounds "9"]
[EventCountry "NED"]
[Source "lmi"]
[SourceDate "2010.07.27"]

1. e4 c5 2. Nf3 d6 3. d4 cxd4 4. Nxd4 Nf6 5. Nc3 a6 6. Be3 e5 7. Nf3 Be7 8. Bc4
Be6 9. Bb3 Nc6 10. O-O O-O 11. Ng5 Bxb3 12. axb3 Qd7 13. Nf3 h6 14. Re1 Rfe8
15. h3 Bd8 16. Re2 Bc7 17. Rd2 Rad8 18. Nh4 Nd4 19. Bxd4 exd4 20. Rxd4 Bb6 21.
Rda4 d5 22. exd5 Nxd5 23. Ne4 g5 24. Nf3 Qf5 25. Ng3 Qf6 26. Nd4 Nb4 27. Rxb4
Bxd4 28. Qf1 Bxb2 29. Rd1 Rxd1 30. Qxd1 Bc3 31. Re4 Qc6 32. Rxe8+ Qxe8 33. Nf5
Qe6 34. g4 b5 35. Qd8+ Kh7 36. Qd3 Be5 37. Kf1 Bc7 38. Qd4 Be5 39. Qe4 Bc7 40.
Qb7 Be5 41. Kg2 Kg8 42. Qa8+ Kh7 43. Kf3 Bb2 44. Qb7 Kg6 45. Kg2 Kh7 46. Kf1
Bc3 47. Qf3 Bb2 48. Qd3 Be5 49. Ke2 Bc7+ 50. Kf3 Qe5 51. Ne3+ Kg7 52. Nd5 Bd6
53. Ne3 Bc7 54. Nf5+ Kh7 55. Qd7 Kg6 56. Qc6+ f6 57. Qa8 Kh7 58. Qxa6 Qd5+ 59.
Ke2 Qe4+ 60. Ne3 Bf4 61. Qxb5 Bxe3 62. Qb7+ Kg8 63. Qc8+ Kg7 64. fxe3 Qg2+ 65.
Kd3 Qxh3 66. Qd7+ Kg6 67. Qf5+ Kg7 68. Qe6 Qf3 69. Qe7+ Kg8 70. Qe4 Qd1+ 71.
Kc3 Kf7 72. Kb2 Qd2 73. b4 Qe1 74. Qd4 Ke6 75. Qc4+ Kd6 76. Qc3 Qf1 77. Qc5+
1-0

[Event "Dutch Open 2010"]
[Site "Dieren NED"]
[Date "2010.07.31"]
[Round "5.6"]
[White "Van Delft, Merijn"]
[Black "Neverov, Valeriy"]
[Result "1-0"]
[WhiteElo "2364"]
[BlackElo "2544"]
[PlyCount "77"]
[EventDate "2010.07.27"]
[EventType "swiss"]
[EventRounds "9"]
[EventCountry "NED"]
[Source "lmi"]
[SourceDate "2010.07.27"]

1. e4 c5 2. Nf3 Nc6 3. d4 cxd4 4. Nxd4 Qb6 5. Nb3 Nf6 6. Nc3 e6 7. Qe2 Bb4 8.
Bd2 O-O 9. a3 Be7 10. O-O-O d5 11. e5 Nd7 12. f4 Nc5 13. Nxc5 Qxc5 14. Be1 Bd7
15. h4 Rfc8 16. Na4 Nd4 17. Nxc5 Nxe2+ 18. Bxe2 Bxc5 19. Rf1 a5 20. Bf2 b6 21.
g4 Kf8 22. f5 h6 23. h5 Rc7 24. Bd3 Re8 25. f6 Kg8 26. Bh4 Be3+ 27. Kb1 d4 28.
Bf2 Bxf2 29. Rxf2 Rc5 30. Re1 Bb5 31. b4 axb4 32. axb4 Rd5 33. Be4 Rd7 34. g5
hxg5 35. Rg1 d3 36. Rxg5 d2 37. Rxg7+ Kf8 38. Rxd2 Rxd2 39. Bh7 1-0

[Event "Dutch Open 2010"]
[Site "Dieren NED"]
[Date "2010.07.31"]
[Round "5.7"]
[White "Zoler, Dan"]
[Black "De Jong, Migchiel"]
[Result "0-1"]
[WhiteElo "2474"]
[BlackElo "2358"]
[PlyCount "164"]
[EventDate "2010.07.27"]
[EventType "swiss"]
[EventRounds "9"]
[EventCountry "NED"]
[Source "lmi"]
[SourceDate "2010.07.27"]

1. d4 Nf6 2. c4 g6 3. Nc3 Bg7 4. g3 c6 5. Bg2 d5 6. Qb3 e6 7. Nf3 O-O 8. O-O
Nbd7 9. Bf4 Nh5 10. Bd6 Re8 11. e4 Nb6 12. c5 Nc4 13. e5 b6 14. Qc2 bxc5 15.
Bxc5 Rb8 16. b3 Nb6 17. Qd2 f5 18. Bd6 Ra8 19. Ne2 Ba6 20. Rfc1 Bxe2 21. Qxe2
Qd7 22. Rc3 Bh6 23. Bc5 Qb7 24. Qc2 Rec8 25. Ne1 Ng7 26. Nd3 Ne8 27. a4 Nd7 28.
f4 g5 29. Ba3 Qb6 30. Qf2 g4 31. h3 Kh8 32. Rac1 Rab8 33. R1c2 Ng7 34. Bd6 Rb7
35. Kh2 a5 36. Bf1 Ne8 37. Ba3 gxh3 38. Bxh3 Bf8 39. Bxf8 Nxf8 40. Nc5 Rg7 41.
Qe2 Nc7 42. Rc1 Ng6 43. R3c2 Rcg8 44. Qe3 h5 45. Nd3 Ne7 46. Nc5 Rxg3 47. Qxg3
Rxg3 48. Kxg3 Qb4 49. Rd1 Na6 50. Nd3 Qxd4 51. Rf2 Nc5 52. Nxc5 h4+ 53. Kg2
Qxd1 54. Nxe6 Qxb3 55. Ng5 Qg3+ 56. Kf1 d4 57. Rf3 Qh2 58. Bg2 Nd5 59. e6 Kg7
60. e7 Nxe7 61. Ne6+ Kf6 62. Nxd4 h3 63. Bxh3 Qh1+ 64. Kf2 Qa1 65. Ne2 Qxa4 66.
Rd3 Nd5 67. Bg2 Qc2 68. Rd4 Nc3 69. Bf3 Nxe2 70. Bxe2 Qc5 71. Ke3 a4 72. Bc4 a3
73. Ba2 Qc2 74. Rd6+ Ke7 75. Rd2 Qe4+ 76. Kf2 Qxf4+ 77. Ke1 Qg3+ 78. Kd1 f4 79.
Kc2 f3 80. Bc4 Qf4 81. Kc3 f2 82. Bf1 Qe3+ 0-1

[Event "Dutch Open 2010"]
[Site "Dieren NED"]
[Date "2010.07.31"]
[Round "5.8"]
[White "Heemskerk, Wim"]
[Black "Siebrecht, Sebastian"]
[Result "1-0"]
[WhiteElo "2249"]
[BlackElo "2417"]
[PlyCount "149"]
[EventDate "2010.07.27"]
[EventType "swiss"]
[EventRounds "9"]
[EventCountry "NED"]
[Source "lmi"]
[SourceDate "2010.07.27"]

1. c4 Nf6 2. g3 g6 3. Bg2 Bg7 4. Nc3 O-O 5. Nf3 d6 6. d4 Nc6 7. O-O a6 8. h3
Rb8 9. Be3 Bd7 10. Rc1 b5 11. Nd2 e6 12. b3 Ne7 13. Nde4 Ne8 14. f4 b4 15. Nb1
Bc6 16. Bf2 Qc8 17. Ng5 Bxg2 18. Kxg2 c5 19. Nf3 Qc6 20. Kh2 Nf6 21. Nbd2 Rfc8
22. Qc2 cxd4 23. Nxd4 Qb7 24. e4 e5 25. Ne2 exf4 26. Nxf4 d5 27. exd5 Nexd5 28.
Nxd5 Nxd5 29. Qe4 Nc3 30. Qxb7 Rxb7 31. Rc2 Rd7 32. Re1 f5 33. Kg2 Kf7 34. Nf3
Ne4 35. Be3 h6 36. Bf4 Rc5 37. g4 Re7 38. Be3 fxg4 39. hxg4 Ra5 40. Bb6 Ra3 41.
Bd4 Bxd4 42. Nxd4 Nc3 43. Rxe7+ Kxe7 44. Nc6+ Kd6 45. Nxb4 a5 46. Rxc3 axb4 47.
Rc2 Ke5 48. Kf3 Ra8 49. Ke3 Kd6 50. Rh2 Rh8 51. Rd2+ Kc6 52. Rd5 Re8+ 53. Kf3
Rf8+ 54. Kg3 Ra8 55. Rb5 Rxa2 56. Rxb4 Rc2 57. Kf4 Rf2+ 58. Kg3 Rc2 59. Rb8 Kc7
60. Rb5 Kc6 61. Kf3 Rc3+ 62. Kf4 Rc1 63. Ra5 Rf1+ 64. Kg3 Rb1 65. Ra6+ Kc5 66.
Rxg6 Rxb3+ 67. Kh4 Kxc4 68. Rxh6 Kd4 69. Rf6 Ke5 70. g5 Rb8 71. Kh5 Rg8 72. Kh6
Ra8 73. Rf1 Rg8 74. g6 Ra8 75. g7 1-0

[Event "Dutch Open 2010"]
[Site "Dieren NED"]
[Date "2010.07.31"]
[Round "5.9"]
[White "Rietveld, Renze"]
[Black "Milov, Leonid"]
[Result "0-1"]
[WhiteElo "2238"]
[BlackElo "2562"]
[PlyCount "136"]
[EventDate "2010.07.27"]
[EventType "swiss"]
[EventRounds "9"]
[EventCountry "NED"]
[Source "lmi"]
[SourceDate "2010.07.27"]

1. e4 c5 2. Nf3 e6 3. d4 cxd4 4. Nxd4 Nc6 5. Nc3 Qc7 6. Be3 Nf6 7. Qd2 Nxd4 8.
Bxd4 e5 9. Be3 Bb4 10. f3 h6 11. Be2 d6 12. O-O O-O 13. Rfd1 Be6 14. a3 Bxc3
15. Qxc3 Qxc3 16. bxc3 d5 17. Bd3 Rfc8 18. Bd2 dxe4 19. fxe4 Rc7 20. Rab1 Rd8
21. Rb4 Nd7 22. Kf2 Nc5 23. Be3 b6 24. Bxc5 Rxc5 25. a4 Rxc3 26. Ra1 Rdc8 27.
a5 Bc4 28. axb6 axb6 29. Rxb6 Bxd3 30. cxd3 Rc2+ 31. Kf3 Rd2 32. Rb3 Rcc2 33.
Rg1 h5 34. h4 Rf2+ 35. Kg3 Kh7 36. Kh3 Rcd2 37. g4 Rh2+ 38. Kg3 Kg6 39. gxh5+
Kxh5 40. Rb8 Kg6 41. Rb6+ Kh7 42. Rd6 Rhe2 43. Kf3 Rf2+ 44. Kg3 f6 45. Rd7 Kh6
46. Rd8 g6 47. Kg4 Rde2 48. Kh3 Re3+ 49. Rg3 Re1 50. Rg2 Rh1+ 51. Kg3 Rxg2+ 52.
Kxg2 Rxh4 53. Rh8+ Kg5 54. Rg8 Rh7 55. Kf3 Rh3+ 56. Ke2 Rg3 57. Rf8 Rh3 58. Rf7
Rh2+ 59. Kf3 Ra2 60. Kg3 Rd2 61. Rd7 f5 62. exf5 gxf5 63. Rd5 f4+ 64. Kf3 Kf5
65. Rd8 Rxd3+ 66. Rxd3 e4+ 67. Ke2 exd3+ 68. Kxd3 Kg4 0-1

[Event "Dutch Open 2010"]
[Site "Dieren NED"]
[Date "2010.07.31"]
[Round "5.10"]
[White "Iotov, Valentin"]
[Black "Akrawi, Samir"]
[Result "1-0"]
[WhiteElo "2581"]
[BlackElo "2247"]
[PlyCount "103"]
[EventDate "2010.07.27"]
[EventType "swiss"]
[EventRounds "9"]
[EventCountry "NED"]
[Source "lmi"]
[SourceDate "2010.07.27"]

1. d4 Nf6 2. c4 e6 3. Nf3 b6 4. g3 Ba6 5. Qc2 Bb4+ 6. Bd2 Qe7 7. Bg2 Bb7 8. O-O
Be4 9. Qa4 Bxd2 10. Nbxd2 Bc6 11. Qc2 d6 12. d5 Bb7 13. Nd4 e5 14. Nf5 Qf8 15.
c5 bxc5 16. b4 g6 17. Ne3 Na6 18. Ndc4 Qe7 19. Na5 Bc8 20. Nc6 Qd7 21. bxc5 O-O
22. cxd6 cxd6 23. Rab1 Re8 24. Nc4 e4 25. Rfd1 Nc5 26. Qc3 Ba6 27. Ne3 Ng4 28.
Rd2 Ne5 29. Qd4 Rac8 30. Rc1 Bb5 31. Qb2 Bxc6 32. dxc6 Qxc6 33. Nd5 Ned7 34.
Rcd1 Na4 35. Qd4 Nac5 36. h4 Qa6 37. h5 Re5 38. h6 Rf8 39. f4 exf3 40. exf3 f6
41. Nc7 Qa3 42. Nb5 Qe3+ 43. Qxe3 Rxe3 44. Rxd6 a6 45. Nc7 Ne5 46. Nd5 Ra3 47.
Nxf6+ Kf7 48. Nxh7 Rh8 49. Ng5+ Ke7 50. R6d5 Ned3 51. Bf1 Nb2 52. Re1+ 1-0

[Event "Dutch Open 2010"]
[Site "Dieren NED"]
[Date "2010.07.31"]
[Round "5.11"]
[White "Von Meijenfeldt, Bart"]
[Black "Michalczak, Thomas"]
[Result "0-1"]
[WhiteElo "2034"]
[BlackElo "2367"]
[PlyCount "56"]
[EventDate "2010.07.27"]
[EventType "swiss"]
[EventRounds "9"]
[EventCountry "NED"]
[Source "lmi"]
[SourceDate "2010.07.27"]

1. e4 c5 2. Nc3 d6 3. f4 g6 4. Nf3 Bg7 5. Bb5+ Bd7 6. Bc4 Nc6 7. O-O Na5 8. Be2
Nc6 9. Bb5 Nd4 10. Bxd7+ Qxd7 11. Nxd4 cxd4 12. Ne2 Qc6 13. d3 Rc8 14. c3 dxc3
15. bxc3 Nf6 16. h3 O-O 17. Be3 Nd7 18. Rb1 b5 19. Qb3 a6 20. Rfc1 Nc5 21. Bxc5
Qxc5+ 22. d4 Qc4 23. Qxc4 Rxc4 24. Rb4 Rfc8 25. Rcb1 e5 26. fxe5 dxe5 27. Rxc4
Rxc4 28. Rb4 exd4 0-1

[Event "Dutch Open 2010"]
[Site "Dieren NED"]
[Date "2010.07.31"]
[Round "5.12"]
[White "Zelbel, Patrick"]
[Black "Monsma, Menno"]
[Result "1-0"]
[WhiteElo "2345"]
[BlackElo "2073"]
[PlyCount "47"]
[EventDate "2010.07.27"]
[EventType "swiss"]
[EventRounds "9"]
[EventCountry "NED"]
[Source "lmi"]
[SourceDate "2010.07.27"]

1. e4 e6 2. d4 d5 3. Nd2 Nf6 4. e5 Nfd7 5. Bd3 c5 6. c3 Nc6 7. Ne2 cxd4 8. cxd4
f6 9. exf6 Nxf6 10. Nf3 Bd6 11. O-O Qc7 12. Bg5 O-O 13. Rc1 h6 14. Bh4 g5 15.
Bg3 Nh5 16. Bxd6 Qxd6 17. Ng3 Nxg3 18. hxg3 a6 19. Re1 Bd7 20. Ne5 Nxe5 21.
Rxe5 Rac8 22. Rxc8 Rxc8 23. Qh5 Qf8 24. Rxg5+ 1-0

[Event "Dutch Open 2010"]
[Site "Dieren NED"]
[Date "2010.07.31"]
[Round "5.13"]
[White "Diepeveen, Vincent"]
[Black "Hendrikx, Niels"]
[Result "1-0"]
[WhiteElo "2294"]
[BlackElo "2108"]
[PlyCount "67"]
[EventDate "2010.07.27"]
[EventType "swiss"]
[EventRounds "9"]
[EventCountry "NED"]
[Source "lmi"]
[SourceDate "2010.07.27"]

1. e4 e6 2. d4 d5 3. Nc3 Nf6 4. Bg5 Be7 5. e5 Nfd7 6. Bxe7 Qxe7 7. f4 a6 8. Nf3
c5 9. dxc5 Nc6 10. Bd3 Qxc5 11. Qd2 O-O 12. Qf2 Qxf2+ 13. Kxf2 b5 14. Ne2 Bb7
15. a4 b4 16. a5 Nc5 17. Ned4 Na7 18. Nb3 Nxb3 19. cxb3 Rfc8 20. Ra4 Rc5 21.
Rxb4 Bc8 22. Rb6 Rxa5 23. Rc1 Ra2 24. Rc7 Rxb2+ 25. Kg3 h6 26. Rd6 g6 27. Rd8+
Kg7 28. Bxa6 g5 29. fxg5 hxg5 30. Nxg5 Rxb3+ 31. Kh4 Kg6 32. Rxf7 Rb4+ 33. g4
Bb7 34. Rf6+ 1-0

[Event "Dutch Open 2010"]
[Site "Dieren NED"]
[Date "2010.07.31"]
[Round "5.14"]
[White "Kabos, Tobias"]
[Black "Haub, Thorsten Michael"]
[Result "1/2-1/2"]
[WhiteElo "2214"]
[BlackElo "2518"]
[PlyCount "80"]
[EventDate "2010.07.27"]
[EventType "swiss"]
[EventRounds "9"]
[EventCountry "NED"]
[Source "lmi"]
[SourceDate "2010.07.27"]

1. e4 g6 2. d4 Bg7 3. Nc3 d6 4. f4 a6 5. Nf3 e6 6. Be3 Ne7 7. Bd3 b5 8. Qd2 f5
9. O-O O-O 10. Rae1 Nd7 11. Ne2 Nf6 12. Ng3 d5 13. exf5 exf5 14. Ne5 Be6 15.
Qd1 Nc8 16. Rf3 Nd6 17. Nf1 Ng4 18. h3 Nxe5 19. fxe5 Ne4 20. c3 c5 21. Nd2 c4
22. Bxe4 dxe4 23. Rf2 Rb8 24. a3 a5 25. Qc1 g5 26. g3 h6 27. Nf1 Qe8 28. h4 f4
29. gxf4 gxh4 30. Qc2 Bf5 31. Kh1 Qh5 32. Rh2 Bg4 33. Nd2 Rb6 34. Qxe4 h3 35.
d5 Rg6 36. Bd4 Kh7 37. Rf1 Bf5 38. Qf3 Bg4 39. Qe4 Bf5 40. Qf3 Bg4 1/2-1/2

[Event "Dutch Open 2010"]
[Site "Dieren NED"]
[Date "2010.07.31"]
[Round "5.15"]
[White "Brandenburg, Daan"]
[Black "Mostertman, Milan"]
[Result "1-0"]
[WhiteElo "2514"]
[BlackElo "2207"]
[PlyCount "75"]
[EventDate "2010.07.27"]
[EventType "swiss"]
[EventRounds "9"]
[EventCountry "NED"]
[Source "lmi"]
[SourceDate "2010.07.27"]

1. e4 c5 2. c3 d5 3. exd5 Qxd5 4. d4 Nf6 5. Nf3 e6 6. Be3 cxd4 7. cxd4 Bb4+ 8.
Nc3 O-O 9. Bd3 b6 10. Qe2 Qa5 11. O-O Ba6 12. Nb5 Bxb5 13. Bxb5 a6 14. Bd3 Nbd7
15. a3 Bd6 16. Rfc1 Qh5 17. Rc6 Qd5 18. Rac1 b5 19. Bg5 Rfe8 20. Qc2 h6 21. Bh4
a5 22. Rd1 Kh8 23. Be2 Rab8 24. Ne5 Bxe5 25. dxe5 Qxe5 26. Bg3 Qf5 27. Bxb8
Qxc2 28. Rxc2 Rxb8 29. Rc7 Ne5 30. Rdc1 Kh7 31. f4 Nc4 32. b3 Nd5 33. Rxf7 Nxa3
34. g3 a4 35. Ra7 Kg8 36. Bf3 Nc3 37. Rxc3 b4 38. Rd3 1-0

[Event "Dutch Open 2010"]
[Site "Dieren NED"]
[Date "2010.07.31"]
[Round "5.16"]
[White "Swinkels, Robin"]
[Black "Stjazhkina, Olga"]
[Result "1/2-1/2"]
[WhiteElo "2483"]
[BlackElo "2273"]
[PlyCount "71"]
[EventDate "2010.07.27"]
[EventType "swiss"]
[EventRounds "9"]
[EventCountry "NED"]
[Source "lmi"]
[SourceDate "2010.07.27"]

1. d4 d5 2. c4 c6 3. Nf3 Nf6 4. e3 Bf5 5. Nc3 e6 6. Nh4 Bg4 7. Qb3 Qb6 8. h3
Bh5 9. g4 Bg6 10. Nxg6 hxg6 11. Bg2 Nbd7 12. g5 Ng8 13. c5 Qc7 14. e4 Rh4 15.
Be3 Ne7 16. exd5 exd5 17. O-O-O Nf5 18. Rhe1 O-O-O 19. Kb1 Be7 20. Bxd5 cxd5
21. Nxd5 Qh2 22. Nxe7+ Nxe7 23. d5 Nb8 24. c6 bxc6 25. dxc6 Nexc6 26. Qxf7 Qe5
27. Rxd8+ Nxd8 28. Qxa7 Ndc6 29. Qa3 Nb4 30. Rc1+ N8c6 31. Qa6+ Kb8 32. Qb6+
Ka8 33. Ka1 Qd5 34. b3 Qe5+ 35. Kb1 Qe4+ 36. Ka1 1/2-1/2

[Event "Dutch Open 2010"]
[Site "Dieren NED"]
[Date "2010.07.31"]
[Round "5.17"]
[White "Bus, Tom"]
[Black "Visser, Yge"]
[Result "0-1"]
[WhiteElo "2179"]
[BlackElo "2469"]
[PlyCount "70"]
[EventDate "2010.07.27"]
[EventType "swiss"]
[EventRounds "9"]
[EventCountry "NED"]
[Source "lmi"]
[SourceDate "2010.07.27"]

1. c4 g6 2. g3 Bg7 3. Bg2 d6 4. Nc3 Nc6 5. e4 e5 6. Nge2 Nh6 7. h4 Nd4 8. Nxd4
exd4 9. Ne2 Ng4 10. f3 Ne5 11. d3 c5 12. Nf4 b5 13. O-O O-O 14. b3 f5 15. cxb5
a6 16. bxa6 Qa5 17. Rf2 Bxa6 18. Bf1 Rae8 19. Kg2 Bb7 20. Rb1 Qa8 21. Rbb2 h6
22. Kg1 g5 23. hxg5 hxg5 24. Nh5 g4 25. Nxg7 Kxg7 26. Qd2 Re6 27. fxg4 Nxg4 28.
exf5 Re3 29. f6+ Kg6 30. Qd1 Nxf2 31. Rxf2 Bf3 32. Qc2 Rh8 33. Bg2 Re1+ 34. Rf1
Rxf1+ 35. Kxf1 Bxg2+ 0-1

[Event "Dutch Open 2010"]
[Site "Dieren NED"]
[Date "2010.07.31"]
[Round "5.18"]
[White "Timmermans, Mark"]
[Black "Pedersen, Nicolai Vesterba"]
[Result "0-1"]
[WhiteElo "2169"]
[BlackElo "2461"]
[PlyCount "90"]
[EventDate "2010.07.27"]
[EventType "swiss"]
[EventRounds "9"]
[EventCountry "NED"]
[Source "lmi"]
[SourceDate "2010.07.27"]

1. e4 e5 2. Nf3 Nc6 3. Bc4 Bc5 4. O-O Nf6 5. d4 Bxd4 6. Nxd4 Nxd4 7. f4 d6 8.
fxe5 dxe5 9. Bg5 Be6 10. Na3 Qe7 11. Bxf6 gxf6 12. c3 Nc6 13. Kh1 Rg8 14. Qf3
Rg6 15. Bd5 O-O-O 16. Nc4 Qe8 17. Ne3 Ne7 18. Rad1 Nxd5 19. exd5 Bd7 20. Qe4
Qe7 21. Rd2 Rdg8 22. b4 Qf8 23. a3 Qh6 24. Rdf2 Qg5 25. c4 Kb8 26. Nf5 Qh5 27.
Qe2 Qxe2 28. Rxe2 Bxf5 29. Rxf5 Rd8 30. h3 b5 31. cxb5 Rxd5 32. Ref2 Rd6 33. g4
Kc8 34. R5f3 Kd8 35. Rc3 h5 36. gxh5 Rg5 37. Rfc2 Rd7 38. Rc6 Rxh5 39. Kg2 e4
40. Rxf6 Rxb5 41. Ra6 Rg5+ 42. Kf2 Rd3 43. Rxa7 Rf3+ 44. Ke1 Rg1+ 45. Kd2 Rd3+
0-1

[Event "Dutch Open 2010"]
[Site "Dieren NED"]
[Date "2010.07.31"]
[Round "5.19"]
[White "Shalnev, Nikolai"]
[Black "Van Mierlo, Guido"]
[Result "0-1"]
[WhiteElo "2436"]
[BlackElo "2053"]
[PlyCount "123"]
[EventDate "2010.07.27"]
[EventType "swiss"]
[EventRounds "9"]
[EventCountry "NED"]
[Source "lmi"]
[SourceDate "2010.07.27"]

1. f4 d5 2. Nf3 Nf6 3. e3 g6 4. b3 Bg7 5. Bb2 O-O 6. d3 c5 7. g3 Nc6 8. Bg2 Ng4
9. Bxg7 Nxe3 10. Qd2 Nxg2+ 11. Kf2 Kxg7 12. Kxg2 b6 13. d4 Kg8 14. Nc3 e6 15.
Rae1 Bb7 16. h4 Nxd4 17. Nxd4 cxd4 18. Qxd4 Qc7 19. Re3 Qc5 20. Rd1 Rac8 21.
Kf2 Qxd4 22. Rxd4 f6 23. Rd2 e5 24. Nxd5 Bxd5 25. Rxd5 exf4 26. gxf4 Rxc2+ 27.
Re2 Rfc8 28. Rd8+ Rxd8 29. Rxc2 Rd7 30. Ke3 Kf7 31. h5 Ke6 32. hxg6 hxg6 33.
Ke4 f5+ 34. Ke3 Rd6 35. Rc7 a5 36. Rg7 Kd5 37. Kd3 b5 38. a3 Kc5+ 39. Kc3 b4+
40. axb4+ axb4+ 41. Kc2 Rd4 42. Rxg6 Rxf4 43. Rf6 Kd4 44. Rd6+ Ke3 45. Rd3+ Ke4
46. Rd8 Rf2+ 47. Kb1 Ke3 48. Rb8 Rf4 49. Rf8 Kd3 50. Rc8 Re4 51. Kc1 f4 52. Kd1
f3 53. Rf8 Re3 54. Rf7 Kc3 55. Rf6 Kxb3 56. Kd2 Rc3 57. Rb6 f2 58. Rf6 Kb2 59.
Rf4 b3 60. Rf7 Rc8 61. Rf3 Rc2+ 62. Kd1 0-1

[Event "Dutch Open 2010"]
[Site "Dieren NED"]
[Date "2010.07.31"]
[Round "5.20"]
[White "Odendahl, Reiner"]
[Black "Vereggen, Lars"]
[Result "1/2-1/2"]
[WhiteElo "2382"]
[BlackElo "1957"]
[PlyCount "44"]
[EventDate "2010.07.27"]
[EventType "swiss"]
[EventRounds "9"]
[EventCountry "NED"]
[Source "lmi"]
[SourceDate "2010.07.27"]

1. Nf3 d5 2. c4 c6 3. g3 dxc4 4. Bg2 Nf6 5. Qc2 b5 6. b3 cxb3 7. axb3 Bb7 8.
Ba3 a5 9. d4 b4 10. Bb2 e6 11. Nbd2 Be7 12. Ne5 Nd5 13. O-O Nd7 14. Nxd7 Qxd7
15. Nc4 Qc7 16. Ra2 a4 17. Rxa4 Rxa4 18. bxa4 O-O 19. e4 Nb6 20. Na5 Ra8 21.
Nxb7 Qxb7 22. Ra1 Ra5 1/2-1/2